[Event "2nd Asian Nations Team Cup U14 2019"]
[Site "Shenzhen"]
[Date "2019.12.25"]
[Round "9.7"]
[White "Temuujin, Kherlen"]
[Black "Wang, Yuehan"]
[Result "1-0"]
[WhiteElo "1711"]
[BlackElo "1724"]
[Annotator "NA RC"]
[PlyCount "101"]
[EventDate "2019.12.19"]
[EventType "team-tourn"]
[EventCountry "CHN"]
[SourceTitle "playchess.com"]
[Source "ChessBase"]
[SourceQuality "1"]
[WhiteTeam "Mongolia"]
[BlackTeam "China"]
[WhiteTeamCountry "MGL"]
[BlackTeamCountry "CHN"]
[TimeControl "5400+30"]

1. d4 {[%emt 0:00:00]} Nf6 {[%emt 0:00:00]} 2. c4 {[%emt 0:00:00]} e6 {[%emt 0:00:00]} 3. Nc3 {[%emt 0:00:00]} Bb4 {[%emt 0:00:00]} 4. e3 {[%emt 0:00:15]} O-O {[%emt 0:00:00]} 5. Bd3 {[%emt 0:00:05]} c5 {[%emt 0:01:40]} 6. a3 {[%emt 0:05:19]} Bxc3+ {[%emt 0:00:12]} 7. bxc3 {[%emt 0:00:06]} d6 {[%emt 0:00:09]} 8. Ne2 {[%emt 0:00:45]} b6 {[%emt 0:00:21]} 9. O-O {[%emt 0:01:17]} Nc6 {[%emt 0:01:17]} 10. Ng3 {[%emt 0:10:39]} e5 {[%emt 0:00:00]} 11. d5 {[%emt 0:00:15]} Na5 {[%emt 0:00:00]} 12. e4 {[%emt 0:01:37]} Ba6 {[%emt 0:00:31]} 13. Qe2 {[%emt 0:00:09]} Qd7 {[%emt 0:00:12]} 14. Nf5 {[%emt 0:05:50]} g6 {[%emt 0:02:13]} 15. Nh6+ {[%emt 0:27:36]} Kg7 {[%emt 0:01:09]} 16. f4 {[%emt 0:00:49]} Ng8 {[%emt 0:07:47]} 17. Nxg8 {[%emt 0:01:35]} Kxg8 {[%emt 0:00:16]} 18. fxe5 {[%emt 0:00:44]} dxe5 {[%emt 0:00:06]} 19. Bh6 {[%emt 0:00:38]} Rfd8 {[%emt 0:05:29]} 20. Qf3 {[%emt 0:16:12]} Qe7 {[%emt 0:00:26]} 21. h4 {[%emt 0:00:33]} f6 {[%emt 0:00:18]} 22. Qxf6 {[%emt 0:03:57]} Qxf6 {[%emt 0:00:06]} 23. Rxf6 {[%emt 0:00:05]} Bxc4 {[%emt 0:00:11]} 24. Bxc4 {[%emt 0:04:00]} Nxc4 {[%emt 0:00:11]} 25. g4 {[%emt 0:12:54]} Nd6 {[%emt 0:03:17]} 26. Re1 {[%emt 0:00:08]} Nf7 {[%emt 0:00:19]} 27. Bc1 {[%emt 0:00:34]} Kg7 {[%emt 0:00:09]} 28. Ref1 {[%emt 0:00:50]} Nd6 {[%emt 0:00:48]} 29. h5 {[%emt 0:02:23]} Rd7 {[%emt 0:01:01]} 30. Re6 {[%emt 0:01:49]} Nxe4 {[%emt 0:00:31]} 31. Rxe5 {[%emt 0:00:28]} Nf6 {[%emt 0:00:57]} 32. h6+ {[%emt 0:00:17]} Kf7 {[%emt 0:02:41]} 33. g5 {[%emt 0:00:06]} Rd6 {[%emt 0:00:10]} 34. gxf6 {[%emt 0:00:18]} Rxf6 {[%emt 0:00:07]} 35. Rxf6+ {[%emt 0:00:09]} Kxf6 {[%emt 0:00:05]} 36. Re6+ {[%emt 0:00:07]} Kf7 {[%emt 0:00:08]} 37. Bg5 {[%emt 0:00:06]} Rf8 {[%emt 0:03:02]} 38. Rf6+ {[%emt 0:00:54]} Ke8 {[%emt 0:01:38]} 39. Rxf8+ {[%emt 0:00:10]} Kxf8 {[%emt 0:00:04]} 40. Kf2 {[%emt 0:00:06]} Ke8 {[%emt 0:00:04]} 41. Ke3 {[%emt 0:00:09]} b5 {[%emt 0:00:09]} 42. Ke4 {[%emt 0:00:20]} a5 {[%emt 0:00:06]} 43. d6 {[%emt 0:00:32]} Kd7 {[%emt 0:00:42]} 44. Kd5 {[%emt 0:00:06]} b4 {[%emt 0:00:03]} 45. cxb4 {[%emt 0:00:07]} cxb4 {[%emt 0:00:07]} 46. a4 {[%emt 0:00:11]} b3 {[%emt 0:00:39]} 47. Bc1 {[%emt 0:03:37]} g5 {[%emt 0:00:22]} 48. Ba3 {[%emt 0:00:06]} g4 {[%emt 0:02:13]} 49. Ke4 {[%emt 0:00:04]} b2 {[%emt 0:00:16]} 50. Bxb2 {[%emt 0:00:04]} Kxd6 {[%emt 0:00:04]} 51. Bc3 {[%emt 0:00:08] Kd5+} 1-0

[Event "2nd Asian Nations Team Cup U14 2019"]
[Site "Shenzhen"]
[Date "2019.12.25"]
[Round "9.8"]
[White "Zhao, Yunqing"]
[Black "Angar, Zoljargal"]
[Result "1/2-1/2"]
[WhiteElo "1542"]
[BlackElo "1696"]
[Annotator "NA RC"]
[PlyCount "159"]
[EventDate "2019.12.19"]
[EventType "team-tourn"]
[EventCountry "CHN"]
[SourceTitle "playchess.com"]
[Source "ChessBase"]
[SourceQuality "1"]
[WhiteTeam "China"]
[BlackTeam "Mongolia"]
[WhiteTeamCountry "CHN"]
[BlackTeamCountry "MGL"]
[TimeControl "5400+30"]

1. d4 {[%emt 0:00:00]} d5 {[%emt 0:00:00]} 2. c4 {[%emt 0:00:00]} c6 {[%emt 0:00:11]} 3. Nc3 {[%emt 0:00:00]} Nf6 {[%emt 0:00:21]} 4. Nf3 {[%emt 0:00:00]} e6 {[%emt 0:00:23]} 5. e3 {[%emt 0:00:00]} Nbd7 {[%emt 0:00:50]} 6. Bd3 {[%emt 0:00:00]} dxc4 {[%emt 0:00:35]} 7. Bxc4 {[%emt 0:00:03]} b5 {[%emt 0:01:52]} 8. Bd3 {[%emt 0:00:06]} Bb7 {[%emt 0:01:03]} 9. e4 {[%emt 0:00:04]} b4 {[%emt 0:08:32]} 10. Na4 {[%emt 0:00:08]} Be7 {[%emt 0:04:04]} 11. O-O {[%emt 0:00:52]} O-O {[%emt 0:00:28]} 12. Qc2 {[%emt 0:01:40]} h6 {[%emt 0:01:43]} 13. Be3 {[%emt 0:01:34]} Qa5 {[%emt 0:02:02]} 14. h3 {[%emt 0:02:15]} e5 {[%emt 0:02:54]} 15. dxe5 {[%emt 0:03:36]} Nxe5 {[%emt 0:01:29]} 16. Nxe5 {[%emt 0:00:13]} Qxe5 {[%emt 0:00:20]} 17. f4 {[%emt 0:00:18]} Qa5 {[%emt 0:01:13]} 18. Nc5 {[%emt 0:02:01]} Bxc5 {[%emt 0:04:07]} 19. Qxc5 {[%emt 0:00:15]} Qxc5 {[%emt 0:02:40]} 20. Bxc5 {[%emt 0:00:08]} Rfd8 {[%emt 0:03:49]} 21. Rad1 {[%emt 0:04:22]} a5 {[%emt 0:02:54]} 22. Bc2 {[%emt 0:00:18]} Ba6 {[%emt 0:01:47]} 23. Rfe1 {[%emt 0:00:10]} Bc4 {[%emt 0:03:04]} 24. b3 {[%emt 0:00:49]} Bb5 {[%emt 0:01:11]} 25. Kf2 {[%emt 0:02:30]} Rd7 {[%emt 0:03:51]} 26. e5 {[%emt 0:17:17]} Rxd1 {[%emt 0:00:57]} 27. Rxd1 {[%emt 0:00:10]} Nd5 {[%emt 0:00:12]} 28. f5 {[%emt 0:02:49]} Re8 {[%emt 0:09:18]} 29. Re1 {[%emt 0:01:26]} Nf4 {[%emt 0:01:12]} 30. Kf3 {[%emt 0:05:32]} Nd3 {[%emt 0:03:17]} 31. Bxd3 {[%emt 0:00:05]} Bxd3 {[%emt 0:00:08]} 32. g4 {[%emt 0:00:14]} g6 {[%emt 0:20:21]} 33. Kf4 {[%emt 0:00:23]} g5+ {[%emt 0:02:41]} 34. Kf3 {[%emt 0:00:06]} Kg7 {[%emt 0:01:48]} 35. e6 {[%emt 0:01:34]} fxe6 {[%emt 0:02:51]} 36. fxe6 {[%emt 0:00:19]} Kf6 {[%emt 0:02:46]} 37. e7 {[%emt 0:00:14]} Bg6 {[%emt 0:01:15]} 38. Ke3 {[%emt 0:01:12]} Ke5 {[%emt 0:01:57]} 39. Rd1 {[%emt 0:00:09]} h5 {[%emt 0:00:48]} 40. Rd8 {[%emt 0:05:40]} hxg4 {[%emt 0:00:45]} 41. hxg4 {[%emt 0:00:04]} Bf7 {[%emt 0:00:47]} 42. a3 {[%emt 0:00:26]} bxa3 {[%emt 0:00:32]} 43. Bxa3 {[%emt 0:00:05]} Bg6 {[%emt 0:01:03]} 44. Rd6 {[%emt 0:02:16]} Bf7 {[%emt 0:00:40]} 45. Rxc6 {[%emt 0:00:12]} Bxb3 {[%emt 0:01:12]} 46. Rg6 {[%emt 0:03:24]} Be6 {[%emt 0:01:28]} 47. Rxg5+ {[%emt 0:00:20]} Kf6 {[%emt 0:00:22]} 48. Kf4 {[%emt 0:00:49]} Rc8 {[%emt 0:00:27]} 49. Rxa5 {[%emt 0:02:09]} Rc4+ {[%emt 0:00:14]} 50. Ke3 {[%emt 0:00:11]} Kf7 {[%emt 0:00:40]} 51. g5 {[%emt 0:00:56]} Rg4 {[%emt 0:00:23]} 52. Ra8 {[%emt 0:00:09]} Bd7 {[%emt 0:00:26]} 53. Rf8+ {[%emt 0:01:03]} Kg6 {[%emt 0:00:51]} 54. Rd8 {[%emt 0:11:19]} Ba4 {[%emt 0:02:21]} 55. Rg8+ {[%emt 0:03:51]} Kf7 {[%emt 0:00:25]} 56. Rf8+ {[%emt 0:00:41]} Kg6 {[%emt 0:00:06]} 57. Rf4 {[%emt 0:01:27]} Rxf4 {[%emt 0:00:58]} 58. Kxf4 {[%emt 0:00:06]} Kf7 {[%emt 0:00:17]} 59. Ke5 {[%emt 0:00:25]} Bb5 {[%emt 0:00:08]} 60. Bb4 {[%emt 0:01:24]} Ba4 {[%emt 0:00:12]} 61. Kf5 {[%emt 0:00:30]} Bc2+ {[%emt 0:00:21]} 62. Kg4 {[%emt 0:00:12]} Bd1+ {[%emt 0:00:11]} 63. Kh4 {[%emt 0:00:03]} Bc2 {[%emt 0:00:05]} 64. Kh5 {[%emt 0:00:09]} Bd3 {[%emt 0:00:07]} 65. Kh6 {[%emt 0:00:13]} Bc2 {[%emt 0:00:06]} 66. Kh5 {[%emt 0:00:00]} Bd1+ {[%emt 0:00:07]} 67. Kh4 {[%emt 0:00:01]} Bc2 {[%emt 0:00:04]} 68. Kg3 {[%emt 0:00:03]} Bd3 {[%emt 0:00:21]} 69. Kf4 {[%emt 0:00:04]} Bc2 {[%emt 0:00:29]} 70. Ke5 {[%emt 0:00:06]} Ba4 {[%emt 0:00:07]} 71. Kd6 {[%emt 0:00:05]} Bb5 {[%emt 0:00:07]} 72. Bc3 {[%emt 0:00:20]} Ba4 {[%emt 0:00:12]} 73. Bf6 {[%emt 0:00:23]} Bb5 {[%emt 0:00:06]} 74. Ke5 {[%emt 0:00:21]} Ba4 {[%emt 0:00:06]} 75. Kf5 {[%emt 0:00:15]} Bc2+ {[%emt 0:00:06]} 76. Kf4 {[%emt 0:00:04]} Ba4 {[%emt 0:00:12]} 77. Ke3 {[%emt 0:00:31]} Bc2 {[%emt 0:00:14]} 78. Kd4 {[%emt 0:00:25]} Ba4 {[%emt 0:00:33]} 79. Ke5 {[%emt 0:00:47]} Bc2 {[%emt 0:01:13]} 80. Kd5 {[%emt 0:00:23]} 1/2-1/2

[Event "2nd Asian Nations Team Cup U14 2019"]
[Site "Shenzhen"]
[Date "2019.12.25"]
[Round "9.9"]
[White "Daneshvar, Bardiya"]
[Black "Wang, Benchi"]
[Result "0-1"]
[WhiteElo "2330"]
[BlackElo "1747"]
[Annotator "TA"]
[PlyCount "94"]
[EventDate "2019.12.19"]
[EventType "team-tourn"]
[EventCountry "CHN"]
[SourceTitle "playchess.com"]
[Source "ChessBase"]
[SourceQuality "1"]
[WhiteTeam "Iran"]
[BlackTeam "China"]
[WhiteTeamCountry "IRI"]
[BlackTeamCountry "CHN"]

{[%evp 24,94,0,0,12,6,13,15,14,0,14,16,19,23,15,0,15,18,18,0,0,-14,6,0,20,22,31,26,29,20,31,0,6,0,0,0,0,0,56,56,57,56,90,30,25,1,10,0,0,0,0,0,0,-3,-2,-10,0,0,0,-93,-89,-209,-192,-207,-139,-206,-204,-224,-213,-29979,-29980,-29998,-29999]} 1. Nf3 Nf6 2. g3 g6 3. b3 Bg7 4. Bb2 O-O 5. Bg2 d5 6. O-O c5 7. c4 Nc6 8. cxd5 Nxd5 9. Bxg7 Kxg7 10. Qc1 b6 11. d4 Nxd4 12. Nxd4 cxd4 13. Qc4 {[%mdl 64] [#] Double Attack} Bb7 {aiming for ...e5. A05: Réti Opening: 1 Nf3 Nf6} 14. Qxd4+ Kg8 15. Na3 e6 {The position is equal.} 16. Nc4 Qe7 17. e4 Nc7 $146 ({Predecessor:} 17... Nb4 18. Qd6 Qxd6 19. Nxd6 {1-0 (39) Badea,B (2474)-Sorbe,S (2246) Creon 2002}) 18. Qd6 Rfe8 19. Rad1 Ba6 20. e5 {And now Qxe7 would win.} Rab8 21. Rfe1 Bxc4 $1 22. bxc4 {Bc6 is the strong threat.} Qxd6 23. Rxd6 Rec8 24. Rd7 Ne8 25. Rxa7 Rxc4 26. Rd1 Rc7 27. Ra6 Rc5 28. f4 Nc7 29. Ra7 Nb5 30. Re7 Rc7 (30... Rbc8 $11) 31. Rxc7 $14 Nxc7 {[%mdl 4096] Endgame KRB-KRN} 32. a4 Kf8 33. Rd7 (33. Kf2 $16) 33... Na6 $1 $11 34. Ra7 Nc5 35. Bc6 Rc8 36. Bb5 Rd8 37. h3 h5 38. Kf2 Rd2+ 39. Ke3 Rh2 40. Ra8+ Kg7 41. Rb8 (41. h4 $11 {remains equal.}) 41... Rxh3 $17 42. Kf3 (42. Kf2 $17 {was worth a try.} Rh2+ 43. Kg1) 42... h4 $19 43. Kg4 Rxg3+ 44. Kxh4 Rb3 45. Be8 Ne4 {( -> ...Nf2)} 46. Rb7 $2 {[#]} (46. Bb5 $19) 46... Nf2 $1 47. f5 Kh6 0-1

[Event "2nd Asian Nations Team Cup U14 2019"]
[Site "Shenzhen"]
[Date "2019.12.25"]
[Round "9.10"]
[White "Zhang, Yuanxiao"]
[Black "Poormosavi, Seyed Kian"]
[Result "0-1"]
[WhiteElo "1545"]
[BlackElo "2317"]
[Annotator "TA"]
[PlyCount "172"]
[EventDate "2019.12.19"]
[EventType "team-tourn"]
[EventCountry "CHN"]
[SourceTitle "playchess.com"]
[Source "ChessBase"]
[SourceQuality "1"]
[WhiteTeam "China"]
[BlackTeam "Iran"]
[WhiteTeamCountry "CHN"]
[BlackTeamCountry "IRI"]

{[%evp 15,187,5,27,6,4,0,0,-14,11,11,15,21,28,14,25,0,0,0,0,0,0,0,0,0,0,-8,0,0,11,0,0,-6,0,0,0,-33,0,0,11,15,17,15,14,14,18,0,0,0,0,0,0,0,0,0,0,-14,-12,-14,0,0,0,-31,-32,-32,-31,-31,-31,-43,-8,-152,-164,-294,-269,-398,-398,-398,-390,-747,-708,-1144,-5178,-4954,-1052,-876,-818,-651,-574,-29968,-29969,-29967,-29970,-29963,-29952,-29964,-29965,-29973,-29974,-29974,-29975,-29975,-29976,-29974,-29973,-29975,-29976,-29975,-29976,-29976,-29976,-29977,-29978,-29978,-29977,-29977,-29977,-29976,-29978,-29972,-29979,-29979,-29980,-29979,-29981,-29981,-29980,-29982,-29975,-29983,-29984,-29984,-29985,-29985,-29980,-29985,-29986,-29986,-29986,-29986,-29987,-29987,-29988,-29988,-29989,-29989,-29990,-29990,-29990,-29990,-29991,-29991,-29992,-29992,-29992,-29992,-29991,-29991,-29991,-29993,-29992,-29994,-29990,-29995,-29994,-29996,-29997,-29997,-8,-29996,-29997,-29997,-29998,-29998,-29999,-29999]} 1. e4 c6 2. d4 d5 3. Nc3 dxe4 4. Nxe4 Nf6 5. Nxf6+ exf6 6. Nf3 Bd6 7. Bd3 O-O 8. O-O Re8 9. c3 {B15: Caro-Kann: 3 Nc3: 3...g6 and 3...dxe4 4 Nxe4 Nf6 5 Nxf6+ exf6} (9. Nh4 g6 10. Bh6 c5 11. dxc5 Bxc5 12. Re1 Be6 13. Be3 Bxe3 14. Rxe3 Nc6 15. Be4 Ne5 16. Qxd8 Raxd8 {½-½ (59) Antipov,M (2580)-Yu,Y (2738) Caleta 2017}) 9... Nd7 10. Qc2 Nf8 11. h3 {The position is equal.} Qc7 $146 ({Predecessor:} 11... Be6) 12. Bd2 Bd7 13. Rfe1 g6 14. Rxe8 (14. c4 {is more complex.} Ne6 15. a4 Bf4 16. Re4 f5 17. Re2) 14... Rxe8 15. Re1 Rxe1+ 16. Bxe1 Ne6 17. c4 Nf4 18. Bf1 Bf5 19. Qb3 Qd7 20. Qe3 Bc7 21. Bc3 Qe6 22. Nd2 Kg7 23. Nb3 b6 24. Qxe6 fxe6 25. Nc1 h5 26. h4 g5 27. g3 Ng6 28. hxg5 fxg5 29. Bg2 h4 30. d5+ Kf7 31. dxc6 hxg3 32. fxg3 Bxg3 33. Ne2 Bc7 34. Nd4 {[#] aiming for Nb5.} a6 35. Nxf5 exf5 $11 {[%mdl 4096] Endgame KBB-KBN} 36. b4 Nf4 {Strongly threatening ...Ne2+.} 37. Bf1 Ke6 38. b5 axb5 39. cxb5 Kd5 40. Bb4 g4 41. Be1 Ne6 {...f4 is the strong threat.} 42. Bg2+ (42. Bd3 $11) 42... Kc5 $17 43. Bf1 (43. Bh4 {was called for.}) 43... Nd4 44. Bf2 {[#]} (44. Bd3 $142 f4 45. a4) 44... f4 $1 $19 45. Bg2 {intending Be4.} f3 46. Bh1 $2 (46. Bf1 Kd5 47. Be3) 46... Kc4 47. a4 Ne2+ 48. Kf1 Kb4 (48... Ng3+ $142 49. Bxg3 Bxg3) 49. Bh4 Kxa4 50. Kf2 Kxb5 51. Bxf3 gxf3 52. Kxf3 Nd4+ 53. Ke4 Nxc6 54. Bf2 Kc4 55. Bxb6 Bxb6 56. Kf4 Kd4 57. Kf3 Ne5+ {[%cal Bc6e5,Be5g4,Bg4e3,Be3d5,Bd5f4,Bf4e2][%mdl 32]} 58. Kf4 Kd5 59. Kg3 Ke4 60. Kg2 Kf4 61. Kh3 Ng4 62. Kg2 Ne3+ 63. Kf2 Ke4 64. Kg3 Nd5 65. Kg2 Nf4+ 66. Kh1 Kf3 67. Kh2 Ne2 68. Kh1 Ng3+ 69. Kh2 Be3 70. Kh3 Bg1 71. Kh4 Ne4 72. Kh5 Kf4 73. Kg6 Ke5 74. Kf7 Bb6 75. Ke7 Nc5 76. Kf7 Kf5 77. Ke7 Bc7 78. Kf7 Bd8 79. Ke8 Bg5 80. Kf7 Bf6 81. Ke8 Ke6 82. Kf8 Ne4 83. Kg8 Nd6 84. Kh7 Kf5 85. Kh6 Ne4 86. Kh7 Kg5 0-1

[Event "2nd Asian Nations Team Cup U14 2019"]
[Site "Shenzhen"]
[Date "2019.12.25"]
[Round "9.13"]
[White "Li, Shanglin"]
[Black "Han, Xuqian Ben"]
[Result "1-0"]
[WhiteElo "2020"]
[BlackElo "1714"]
[Annotator "NA RC"]
[PlyCount "67"]
[EventDate "2019.12.19"]
[EventType "team-tourn"]
[EventCountry "CHN"]
[SourceTitle "playchess.com"]
[Source "ChessBase"]
[SourceQuality "1"]
[WhiteTeam "China"]
[BlackTeam "Hong Kong"]
[WhiteTeamCountry "CHN"]
[BlackTeamCountry "HKG"]
[TimeControl "5400+30"]

{[%evp 8,63,25,32767,32767,32767,32767,32767,65,32767,32767,32767,32767,-30,-4,32767,32767,-58,33,12,9,-15,-3,-15,0,-20,-17,-16,-19,-27,32767,32767,11,1,0,-7,29,25,33,21,66,54,48,40,52,39,225,253,766,683,795,842,816,819,1442,1373,1245,1392]} 1. d4 {[%emt 0:00:00]} Nf6 {[%emt 0:00:00]} 2. c4 {[%emt 0:00:00]} g6 {[%emt 0:00:00]} 3. g3 {[%emt 0:00:04]} Bg7 {[%emt 0:00:00]} 4. Bg2 {[%emt 0:00:13]} O-O {[%emt 0:00:02]} 5. Nc3 {[%emt 0:00:37]} d6 {[%emt 0:00:08]} 6. Nf3 {[%emt 0:00:39]} Nc6 {[%emt 0:00:03]} 7. O-O {[%emt 0:00:14]} Bg4 {[%emt 0:00:09]} 8. d5 {[%emt 0:01:23]} Na5 {[%emt 0:00:06]} 9. Nd2 {[%emt 0:00:16]} c5 {[%emt 0:00:11]} 10. dxc6 {[%emt 0:01:31] E62: King's Indian: Fianchetto: 6...c6 and Panno Variation (6...Nc6) without ...a6} (10. Rb1 $14) (10. h3 Bd7 11. Qc2 a6 12. b3 b5 13. Bb2 Rb8 14. Rab1 e5 15. e4 Nh5 16. Ne2 f5 17. f4 bxc4 18. fxe5 cxb3 19. axb3 dxe5 20. exf5 gxf5 21. Ra1 Bb5 22. Nc4 Nxb3 23. Qxb3 Bxc4 24. Qxc4 Rxb2 {0-1 (41) Donchenko,A (2618)-Ziska,H (2533) Le Blanc Mesnil 2019}) 10... Nxc6 {[%emt 0:02:55]} 11. b3 {[%emt 0:01:42]} d5 {[%emt 0:11:01]} 12. Bb2 {[%emt 0:02:26]} dxc4 $146 {[%emt 0:11:43]} ({Black should play Predecessor:} 12... d4 $15 13. Na4 Qc8 (13... e5 14. Nc5 Qc7 15. h3 Bf5 16. Nde4 Nxe4 17. Nxe4 Rad8 {½-½ (61) Godzwon,I (2322)-Raczynski,K (2157) Szklarska Poreba 2019})) 13. Nxc4 {[%emt 0:00:32]} Qc8 {[%emt 0:01:18]} 14. Re1 {[%emt 0:05:41]} Rd8 {[%emt 0:03:34]} 15. Qc1 {[%emt 0:00:43]} Be6 {[%emt 0:17:18]} 16. Nb5 {[%emt 0:09:05]} Bd5 {[%emt 0:11:23]} 17. e4 {[%emt 0:00:47]} Bxc4 {[%emt 0:00:03]} 18. Qxc4 {[%emt 0:01:07]} a6 {[%emt 0:00:20]} 19. Na3 {[%emt 0:00:18]} e5 {[%emt 0:00:54]} 20. Rac1 {[%emt 0:01:52]} Qd7 {[%emt 0:02:43]} 21. Qf1 {[%emt 0:02:03]} Qe8 {[%emt 0:01:34]} 22. Nc4 {[%emt 0:01:36]} b5 {[%emt 0:03:13]} 23. Nb6 {[%emt 0:00:20]} Rab8 {[%emt 0:00:18]} 24. Nd5 {[%emt 0:00:58]} Nxd5 {[%emt 0:00:48]} 25. exd5 {[%emt 0:00:01]} Nb4 {[%emt 0:00:07]} 26. f4 {[%emt 0:00:34]} Nxd5 $2 {[%emt 0:00:33]} (26... Qd7 $14) 27. Bxe5 {[%emt 0:00:11]} Ra8 $2 {[%emt 0:02:10]} (27... Qe6 28. Bxb8 Qb6+ 29. Kh1 Qxb8) 28. Bxg7 {[%emt 0:00:26]} Ne3 {[%emt 0:00:08]} 29. Qf2 {[%emt 0:00:09]} Kxg7 {[%emt 0:00:53]} 30. Rxe3 {[%emt 0:00:09]} Rac8 {[%emt 0:00:15]} 31. Rxe8 {[%emt 0:00:17]} Rxc1+ {[%emt 0:00:09]} 32. Re1 $18 {[%emt 0:00:02]} Rdd1 {[%emt 0:00:10]} 33. Rxd1 {[%emt 0:00:01]} Rxd1+ {[%emt 0:00:08]} 34. Bf1 {[%emt 0:00:06]} 1-0

[Event "2nd Asian Nations Team Cup U14 2019"]
[Site "Shenzhen"]
[Date "2019.12.25"]
[Round "9.14"]
[White "Kannappan, Thanneermalai"]
[Black "Xue, Haowen"]
[Result "0-1"]
[WhiteElo "1495"]
[BlackElo "1909"]
[Annotator "NA RC"]
[PlyCount "72"]
[EventDate "2019.12.19"]
[EventType "team-tourn"]
[EventCountry "CHN"]
[SourceTitle "playchess.com"]
[Source "ChessBase"]
[SourceQuality "1"]
[WhiteTeam "Hong Kong"]
[BlackTeam "China"]
[WhiteTeamCountry "HKG"]
[BlackTeamCountry "CHN"]
[TimeControl "5400+30"]

{[%evp 10,53,32,32767,32767,-27,32767,-15,-19,32767,-35,32767,32767,32767,32767,-31,-20,-25,-3,-68,-57,-92,-125,-106,-106,-110,-110,-131,-150,-148,-130,-215,-194,-375,-395,-476,-522,-708,-747,-981,-1516,-1625,-2049,-2123,-4909,-2252]} 1. e4 {[%emt 0:00:00]} c5 {[%emt 0:00:00]} 2. Nf3 {[%emt 0:00:00]} d6 {[%emt 0:00:00]} 3. d4 {[%emt 0:00:00]} Nf6 {[%emt 0:00:00]} 4. Nc3 {[%emt 0:00:00]} cxd4 {[%emt 0:00:00]} 5. Nxd4 {[%emt 0:00:04]} Bd7 {[%emt 0:00:19]} 6. Be3 {[%emt 0:02:06]} Ng4 {[%emt 0:00:14] B56: Classical Sicilian: Unusual Lines} 7. Qd2 {[%emt 0:01:51]} (7. Bd2 $14) (7. Bg5 h6 8. Bh4 g5 9. Bg3 Bg7 10. h3 Ne5 11. Nf5 Bxf5 12. exf5 Nbc6 13. Nd5 Qd7 14. c3 {1-0 (35) Kulaots,K (2568)-Nevednichy,V (2551) Iasi 2016}) 7... Nxe3 {[%emt 0:00:09]} 8. Qxe3 {[%emt 0:00:19]} Nc6 {[%emt 0:00:17]} 9. Be2 {[%emt 0:03:42]} g6 {[%emt 0:00:34]} 10. O-O {[%emt 0:00:25]} Bg7 {[%emt 0:00:07]} 11. Nb3 {[%emt 0:00:29]} O-O {[%emt 0:00:26]} 12. Rad1 {[%emt 0:01:48]} Rc8 $146 {[%emt 0:06:07]} ({Predecessor:} 12... Ne5 13. h3 Bc6 14. f4 {½-½ (31) Wolf,C (1790)-Moritz,A (1764) Dresden 2008}) 13. f4 {[%emt 0:06:03]} Nb4 {[%emt 0:10:12]} 14. Qd2 {[%emt 0:02:01]} ({White should try} 14. Rd2 $11) 14... Qb6+ {[%emt 0:11:31]} 15. Kh1 {[%emt 0:00:37]} Bxc3 $1 {[%emt 0:01:04]} 16. bxc3 {[%emt 0:00:20]} Nxa2 {[%emt 0:00:11]} 17. c4 {[%emt 0:02:54] [#]} Qb4 $1 {[%emt 0:01:15]} 18. Qxb4 {[%emt 0:02:58]} Nxb4 {[%emt 0:00:05]} 19. c5 {[%emt 0:01:12]} Nxc2 {[%emt 0:03:55]} 20. cxd6 {[%emt 0:01:10]} (20. Rd2 $17 Ne3 21. Rf3) 20... Rfe8 {[%emt 0:03:04]} 21. e5 $2 {[%emt 0:04:41]} (21. dxe7 Rxe7 22. Rc1) 21... Ne3 $1 {[%emt 0:01:53] Double Attack} 22. dxe7 {[%emt 0:01:04]} Nxd1 {[%emt 0:00:17]} 23. Rxd1 {[%emt 0:00:05]} Ba4 {[%emt 0:00:40]} 24. Rd8 {[%emt 0:02:17]} Bxb3 {[%emt 0:01:18]} 25. Rxe8+ {[%emt 0:00:56]} Rxe8 {[%emt 0:00:41]} 26. Bb5 {[%emt 0:00:09]} Rxe7 {[%emt 0:00:10]} 27. Kg1 $19 {[%emt 0:00:09]} a5 {[%emt 0:00:06]} 28. Kf2 {[%emt 0:00:06]} a4 {[%emt 0:00:05]} 29. Bd3 {[%emt 0:00:11]} a3 {[%emt 0:00:06]} 30. Bb1 {[%emt 0:00:06]} Rc7 {[%emt 0:00:08]} 31. Ke3 {[%emt 0:00:13]} Rc1 {[%emt 0:00:06]} 32. Be4 {[%emt 0:00:07]} a2 {[%emt 0:00:09]} 33. Kd4 {[%emt 0:00:07]} a1=Q+ {[%emt 0:00:07]} 34. Kd3 {[%emt 0:00:11]} Qc3+ {[%emt 0:00:09]} 35. Ke2 {[%emt 0:00:04]} Re1+ {[%emt 0:00:12]} 36. Kf2 {[%emt 0:00:04]} Qe3# {[%emt 0:00:07]} 0-1